[Event "Brasschaat op 19th"]
[Site "Brasschaat"]
[Date "2019.08.23"]
[Round "7"]
[White "De Waele, Warre"]
[Black "Vanhee, Lars"]
[Result "1-0"]
[WhiteElo "2225"]
[BlackElo "1895"]
[PlyCount "81"]
[EventDate "2019.08.17"]
[EventType "swiss"]
[EventRounds "9"]
[EventCountry "BEL"]
[SourceTitle "EXT 2020"]
[Source "ChessBase"]
[SourceDate "2019.10.17"]
[SourceVersion "1"]
[SourceVersionDate "2019.10.17"]
[SourceQuality "1"]

1. Nf3 f5 2. d3 Nf6 3. e4 fxe4 4. dxe4 e6 5. e5 Nd5 6. Bd3 Be7 7. Ng5 Bxg5 8. Qh5+ Kf8 9. Bxg5 Qe8 10. Qe2 Qf7 11. 0-0 Nc6 12. f4 g6 13. Bh6+ Ke8 14. Nd2 Nd4 15. Qf2 Nf5 16. Bg5 h6 17. Bh4 Nde3 18. Bxf5 Nxf1 19. Be4 Nxd2 20. Qxd2 Rg8 21. Rf1 Qf8 22. Qd3 Qf7 23. Rf3 d5 24. exd6 cxd6 25. Qxd6 Qd7 26. Qe5 Qd1+ 27. Rf1 Qh5 28. Qf6 g5 29. fxg5 hxg5 30. Bxb7 Bxb7 31. Qxe6+ Kd8 32. Re1 gxh4 33. Qxg8+ Kc7 34. Re7+ Kb6 35. Qb3+ Ka5 36. Qc3+ Ka4 37. b3+ Ka3 38. b4+ Ka4 39. Qb3+ Kb5 40. a4+ Kb6 41. Qe3+ 1-0

[Event "Vaujany op-B 8th"]
[Site "Vaujany"]
[Date "2017.07.18"]
[Round "6.3"]
[White "Kim, Yun Seo"]
[Black "Vanhee, Lars"]
[Result "0-1"]
[WhiteElo "1763"]
[BlackElo "1707"]
[PlyCount "108"]
[EventDate "2017.07.13"]
[EventType "swiss"]
[EventRounds "9"]
[EventCountry "FRA"]
[SourceTitle "EXT 2020"]
[Source "ChessBase"]
[SourceDate "2019.10.17"]
[SourceVersion "1"]
[SourceVersionDate "2019.10.17"]
[SourceQuality "1"]

1. e4 d6 2. d4 Nf6 3. Nc3 Nbd7 4. f4 e5 5. Be3 c6 6. Qf3 h5 7. 0-0-0 Qc7 8. Nh3 b5 9. Ng5 Be7 10. Ne2 Rf8 11. Ng3 g6 12. f5 exd4 13. Bxd4 Ne5 14. Bxe5 dxe5 15. fxg6 fxg6 16. Qb3 Rb8 17. Ne6 Bxe6 18. Qxe6 Rb6 19. Be2 c5 20. Qh3 Rh8 21. Bf3 c4 22. Ne2 b4 23. Kb1 c3 24. Qg3 Kf7 25. Rhf1 Ra6 26. Nc1 cxb2 27. Kxb2 Qc3+ 28. Kb1 Rc8 29. Qf2 Bc5 30. Qe2 Qa3 31. Qc4+ Kg7 32. Qb3 Bd4 33. Qxa3 bxa3 34. Rd3 Bc3 35. Nb3 Rb6 36. Kc1 Rbc6 37. Rf2 Bb2+ 38. Kd1 Rc4 39. Re2 g5 40. g3 g4 41. Bg2 Rb4 42. Nc1 Rcc4 43. Rb3 Rd4+ 44. Nd3 Rxb3 45. cxb3 Rxd3+ 46. Kc2 Rc3+ 47. Kd2 Rxb3 48. axb3 a2 49. Re1 a1Q 50. Rxa1 Bxa1 51. Kd3 Kf7 52. Kc4 Ke6 53. h3 Kd6 54. hxg4 hxg4 0-1